[Event "BL2-Nord 0910"]
[Site "Germany"]
[Date "2009.12.13"]
[Round "4.3"]
[White "Janz, Frerik"]
[Black "Ellers, Holger"]
[Result "1-0"]
[WhiteElo "2338"]
[BlackElo "2210"]
[PlyCount "97"]
[EventDate "2009.10.18"]
[EventType "team-tourn"]
[EventRounds "9"]
[EventCountry "GER"]
[SourceTitle "EXT 2011"]
[Source "ChessBase"]
[SourceDate "2010.11.26"]
[SourceVersion "1"]
[SourceVersionDate "2010.11.26"]
[SourceQuality "1"]
[WhiteTeam "Luebeck"]
[BlackTeam "Kreuzberg"]
[WhiteTeamCountry "GER"]
[BlackTeamCountry "GER"]

1. d4 Nf6 2. c4 c5 3. Nf3 cxd4 4. Nxd4 Nc6 5. Nc3 g6 6. Nc2 Bg7 7. e4 d6 8. Be2 Nd7 9. Bd2 Nc5 10. 0-0 0-0 11. f3 f5 12. b4 Ne6 13. exf5 gxf5 14. Rb1 Kh8 15. Nd5 Rg8 16. f4 Bd7 17. Bc3 Qf8 18. Qd2 Bxc3 19. Qxc3+ Qg7 20. Qxg7+ Rxg7 21. Rbd1 Rc8 22. Rd2 b6 23. Re1 Nf8 24. Kf2 Ng6 25. g3 Rf7 26. a3 Kg7 27. Nc3 e5 28. Nb5 exf4 29. Nxd6 fxg3+ 30. hxg3 Re7 31. Nxc8 Bxc8 32. Rd6 Nce5 33. Nd4 Rc7 34. Nb5 Rf7 35. Rd8 Be6 36. Nd6 Re7 37. Re8 Rxe8 38. Nxe8+ Kf8 39. Nd6 Ke7 40. Rd1 f4 41. c5 bxc5 42. bxc5 fxg3+ 43. Kxg3 Nf8 44. Bb5 Bd7 45. Re1 Nfg6 46. Nc4 Bxb5 47. Nxe5 Nxe5 48. Rxe5+ Kd7 49. Kf4 1-0

[Event "BL2-Nord 0910"]
[Site "Germany"]
[Date "2009.11.29"]
[Round "3.4"]
[White "Ellers, Holger"]
[Black "Orzech, Dominik"]
[Result "0-1"]
[WhiteElo "2210"]
[BlackElo "2435"]
[PlyCount "100"]
[EventDate "2009.10.18"]
[EventType "team-tourn"]
[EventRounds "9"]
[EventCountry "GER"]
[SourceTitle "EXT 2011"]
[Source "ChessBase"]
[SourceDate "2010.11.26"]
[SourceVersion "1"]
[SourceVersionDate "2010.11.26"]
[SourceQuality "1"]
[WhiteTeam "Kreuzberg"]
[BlackTeam "Zehlendorf"]
[WhiteTeamCountry "GER"]
[BlackTeamCountry "GER"]

1. d4 d5 2. c4 c6 3. Nf3 Nf6 4. Nc3 dxc4 5. a4 Bf5 6. e3 e6 7. Bxc4 Bb4 8. 0-0 0-0 9. Qe2 Bg6 10. Ne5 Nbd7 11. Nxg6 hxg6 12. Rd1 Qa5 13. e4 Nb6 14. Bd3 Bxc3 15. bxc3 Qxc3 16. Bb2 Qa5 17. Ra3 Nxa4 18. Bc2 Qb5 19. Qd2 Nxb2 20. Rb3 Nxd1 21. Rxb5 cxb5 22. Qxd1 Rfd8 23. e5 Nd5 24. h4 Rac8 25. h5 Nc3 26. Qf3 gxh5 27. Qxh5 Rc7 28. Qh7+ Kf8 29. Bg6 Ne2+ 30. Kh2 Rxd4 31. Bd3 Nc3 32. Bf1 b4 33. Qh8+ Ke7 34. Qb8 Kd7 35. Qxa7 Rd1 36. Qb6 b3 37. Bb5+ Kd8 38. Qa5 Nxb5 39. Qxb5 Rd5 40. Qb4 Ke8 41. f4 Rd3 42. Qb5+ Rcd7 43. Qc5 Kd8 44. Qf8+ Kc7 45. Qc5+ Kb8 46. Qf8+ Rd8 47. Qb4 g6 48. g3 b2 49. Kh3 Rd2 50. Kg4 Rc2 0-1

[Event "BL2-Nord 0910"]
[Site "Germany"]
[Date "2009.10.18"]
[Round "1.3"]
[White "Jugelt, Tobias"]
[Black "Ellers, Holger"]
[Result "1-0"]
[WhiteElo "2392"]
[BlackElo "2210"]
[PlyCount "133"]
[EventDate "2009.10.18"]
[EventType "team-tourn"]
[EventRounds "9"]
[EventCountry "GER"]
[SourceTitle "EXT 2011"]
[Source "ChessBase"]
[SourceDate "2010.11.26"]
[SourceVersion "1"]
[SourceVersionDate "2010.11.26"]
[SourceQuality "1"]
[WhiteTeam "Delmenhorst"]
[BlackTeam "Kreuzberg"]
[WhiteTeamCountry "GER"]
[BlackTeamCountry "GER"]

1. d4 Nf6 2. Bf4 e6 3. e3 b6 4. Qf3 Nc6 5. c3 Bb7 6. e4 Na5 7. Nd2 c5 8. Bd3 cxd4 9. cxd4 Bb4 10. 0-0-0 0-0 11. Kb1 Nc6 12. Ne2 Be7 13. d5 exd5 14. e5 Ne8 15. Qh3 g6 16. Nf3 Nc7 17. Qh6 Ne6 18. h4 f5 19. exf6 Bxf6 20. Ng5 Qe7 21. Bd6 Qg7 22. Bxf8 Rxf8 23. Qxg7+ Bxg7 24. f3 Nc5 25. Bc2 Nb4 26. Nc1 Nxc2 27. Kxc2 Rf4 28. g3 Rc4+ 29. Kb1 d4 30. Rhe1 h6 31. Re8+ Bf8 32. Nh3 Kf7 33. Ree1 Bd6 34. Rg1 Kg7 35. b3 Rc3 36. Rxd4 Be5 37. Rd2 Rxf3 38. Nf2 Bxg3 39. Rxg3 Rxg3 40. b4 Be4+ 41. Ka1 Rg1 42. Nxe4 Nxe4 43. Rxd7+ Kf6 44. Kb2 Rg2+ 45. Kb3 Rg3+ 46. Kb2 Rh3 47. Rxa7 Nd6 48. a4 Rxh4 49. Nd3 Rd4 50. Kc3 Rc4+ 51. Kb3 Rd4 52. Kc3 Rc4+ 53. Kb3 Rc8 54. Ra6 Rb8 55. Nc5 Kf5 56. Nd7 Rb7 57. Nxb6 h5 58. Nd5 Ke5 59. Nf4 Kxf4 60. Rxd6 g5 61. Rh6 h4 62. a5 Kg3 63. a6 Rb8 64. Ka4 h3 65. b5 h2 66. a7 Rb6 67. Rh8 1-0

[Event "BL2-Nord 0809"]
[Site "Germany"]
[Date "2008.10.05"]
[Round "1.3"]
[White "Ellers, Holger"]
[Black "Von Herman, Ulf"]
[Result "1-0"]
[WhiteElo "2395"]
[BlackElo "2370"]
[PlyCount "47"]
[EventDate "2008.10.05"]
[EventType "tourn"]
[EventRounds "9"]
[EventCountry "GER"]
[SourceTitle "CBM 129 Extra"]
[Source "ChessBase"]
[SourceDate "2009.05.05"]
[SourceVersion "2"]
[SourceVersionDate "2009.05.20"]
[SourceQuality "1"]
[WhiteTeam "Kreuzberg II"]
[BlackTeam "Koenig Tegel"]
[WhiteTeamCountry "GER"]
[BlackTeamCountry "GER"]

1. d4 d5 2. c4 c6 3. Nf3 Nf6 4. Nc3 a6 5. e3 b5 6. b3 Bg4 7. h3 Bh5 8. Bb2 e6 9. Be2 Nbd7 10. 0-0 Qb8 11. Ne5 Bxe2 12. Qxe2 Nxe5 13. dxe5 Nd7 14. cxd5 cxd5 15. f4 Bc5 16. Kh1 0-0 17. e4 b4 18. Na4 Qb5 19. Qg4 dxe4 20. f5 e3 21. f6 g6 22. Nxc5 Nxc5 23. Qg5 Kh8 24. Rf4 1-0

[Event "Bundesliga 0405"]
[Site "Germany"]
[Date "2005.03.13"]
[Round "13.7"]
[White "Tischbierek, Raj"]
[Black "Ellers, Holger"]
[Result "1-0"]
[WhiteElo "2477"]
[BlackElo "2407"]
[PlyCount "75"]
[EventDate "2004.11.12"]
[EventType "team-tourn"]
[EventRounds "15"]
[EventCountry "GER"]
[SourceTitle "CBM 106"]
[Source "ChessBase"]
[SourceDate "2005.06.06"]
[SourceVersion "1"]
[SourceVersionDate "2005.06.06"]
[SourceQuality "1"]
[WhiteTeam "Kreuzberg"]
[BlackTeam "Wattenscheid"]
[WhiteTeamCountry "GER"]
[BlackTeamCountry "GER"]

1. e4 c5 2. Nf3 Nc6 3. Bb5 g6 4. 0-0 Bg7 5. c3 Nf6 6. Qa4 Qb6 7. Re1 a6 8. Bf1 e5 9. d4 cxd4 10. cxd4 exd4 11. Bf4 0-0 12. Bd6 Re8 13. Nbd2 Qd8 14. Bc4 Ng4 15. Qb3 Qf6 16. e5 Ngxe5 17. Nxe5 Nxe5 18. Bxe5 Rxe5 19. Rxe5 Qxe5 20. Bxf7+ Kh8 21. Nc4 Qe7 22. Nb6 Rb8 23. Rc1 d5 24. Qg3 Be5 25. Nxc8 Qf6 26. Qf3 Qxf3 27. gxf3 d3 28. Nb6 Bd4 29. Na4 b5 30. Nc3 b4 31. Na4 Kg7 32. Bxd5 Rd8 33. Be4 d2 34. Rd1 Ba7 35. Kf1 Bb8 36. Ke2 Bf4 37. Nc5 Rd6 38. Nd3 1-0

[Event "Bundesliga 0405"]
[Site "Germany"]
[Date "2005.01.30"]
[Round "9.7"]
[White "Van den Doel, Erik"]
[Black "Ellers, Holger"]
[Result "1-0"]
[WhiteElo "2560"]
[BlackElo "2407"]
[PlyCount "93"]
[EventDate "2004.11.12"]
[EventType "team-tourn"]
[EventRounds "15"]
[EventCountry "GER"]
[SourceTitle "CBM 106"]
[Source "ChessBase"]
[SourceDate "2005.06.06"]
[SourceVersion "1"]
[SourceVersionDate "2005.06.06"]
[SourceQuality "1"]
[WhiteTeam "Koeln Porz"]
[BlackTeam "Wattenscheid"]
[WhiteTeamCountry "GER"]
[BlackTeamCountry "GER"]

1. e4 c5 2. Nf3 Nc6 3. d4 cxd4 4. Nxd4 g6 5. c4 Bg7 6. Be3 Nf6 7. Nc3 0-0 8. Be2 d6 9. 0-0 Nxd4 10. Bxd4 Bd7 11. Qd3 Re8 12. Rad1 Bc6 13. b4 b6 14. a3 Rc8 15. Rfe1 Rc7 16. Bf1 Rd7 17. Nd5 e5 18. Be3 Nxd5 19. cxd5 Bb7 20. Qb3 Rf8 21. Qa4 Bc8 22. Rc1 f5 23. Rc2 fxe4 24. Rec1 Bb7 25. Qxa7 Bxd5 26. Rc7 Rdf7 27. Qxb6 Rxc7 28. Rxc7 Bf6 29. a4 Bg5 30. Bxg5 Qxg5 31. Qxd6 Bb3 32. Qc5 e3 33. Qxe3 Qxe3 34. fxe3 Bxa4 35. b5 Rb8 36. Rc5 Re8 37. Rc7 Rb8 38. Rc4 Bb3 39. Rc5 e4 40. Rc6 Kf7 41. Kf2 Rb7 42. b6 Bd5 43. Rd6 Bb3 44. Ba6 Rb8 45. b7 Ba4 46. Rd4 Bc6 47. Rc4 1-0

[Event "Bundesliga 0304"]
[Site "Germany"]
[Date "2004.03.28"]
[Round "13.6"]
[White "Ellers, Holger"]
[Black "Bezold, Michael"]
[Result "0-1"]
[WhiteElo "2402"]
[BlackElo "2456"]
[PlyCount "82"]
[EventDate "2003.11.01"]
[EventType "team-tourn"]
[EventRounds "15"]
[EventCountry "GER"]
[SourceTitle "CBM 100"]
[Source "ChessBase"]
[SourceDate "2004.06.01"]
[SourceVersion "1"]
[SourceVersionDate "2004.06.01"]
[SourceQuality "1"]
[WhiteTeam "Wattenscheid"]
[BlackTeam "Hamburger SK"]
[WhiteTeamCountry "GER"]
[BlackTeamCountry "GER"]

1. d4 Nf6 2. c4 e6 3. Nc3 Bb4 4. Qc2 0-0 5. a3 Bxc3+ 6. Qxc3 b6 7. Bg5 Bb7 8. f3 d5 9. e3 Nbd7 10. cxd5 exd5 11. Bd3 Re8 12. Ne2 c5 13. Bb5 Re6 14. 0-0 Bc6 15. Bd3 Ne4 16. fxe4 Qxg5 17. Nf4 dxe4 18. Nxe6 Qxe3+ 19. Kh1 Qxd3 20. d5 Qxc3 21. bxc3 Bb5 22. Nc7 Bxf1 23. Nxa8 Bc4 24. Nc7 f5 25. d6 Kf7 26. Re1 g6 27. g3 Kf6 28. h4 Ke5 29. Ne8 h6 30. Kg2 a5 31. Rd1 Bb3 32. Rd2 g5 33. hxg5 hxg5 34. Kf1 Bf7 35. Nc7 f4 36. gxf4+ gxf4 37. Na8 Bc4+ 38. Kg1 e3 39. Nxb6 Nxb6 40. d7 Nxd7 41. Rxd7 f3 0-1

[Event "Bundesliga 0304"]
[Site "Germany"]
[Date "2004.03.08"]
[Round "11.6"]
[White "Thiede, Lars"]
[Black "Ellers, Holger"]
[Result "0-1"]
[WhiteElo "2440"]
[BlackElo "2402"]
[PlyCount "126"]
[EventDate "2003.11.01"]
[EventType "team-tourn"]
[EventRounds "15"]
[EventCountry "GER"]
[SourceTitle "CBM 100"]
[Source "ChessBase"]
[SourceDate "2004.06.01"]
[SourceVersion "1"]
[SourceVersionDate "2004.06.01"]
[SourceQuality "1"]
[WhiteTeam "Neukoelln"]
[BlackTeam "Wattenscheid"]
[WhiteTeamCountry "GER"]
[BlackTeamCountry "GER"]

1. g3 d5 2. Bg2 g6 3. Nf3 Bg7 4. 0-0 Nf6 5. b3 0-0 6. Bb2 c5 7. c4 d4 8. b4 Nfd7 9. d3 Nc6 10. bxc5 Nxc5 11. Ba3 Qa5 12. Nfd2 Na4 13. Nb3 Qh5 14. Qc2 Bh3 15. Bxh3 Qxh3 16. N3d2 Nb6 17. Nf3 Nd7 18. Nbd2 Rab8 19. Rfb1 Rfe8 20. Rb5 a6 21. Rb2 Rec8 22. Rab1 b6 23. Qa4 Ra8 24. Qd1 Rab8 25. Qb3 Bh6 26. Ne4 Qf5 27. Qd1 Qa5 28. Rb3 Bg7 29. Qd2 Qf5 30. Kg2 h6 31. Qd1 Qe6 32. Ned2 f5 33. R3b2 g5 34. h3 Kh7 35. Rc2 Qg6 36. Rcb2 Bf6 37. Qc2 h5 38. Rh1 b5 39. Rhb1 h4 40. Ng1 g4 41. hxg4 Qxg4 42. Ngf3 hxg3 43. Rh1+ Kg7 44. Rbb1 Nce5 45. Rbg1 Rh8 46. cxb5 Rxh1 47. Rxh1 gxf2+ 48. Kxf2 Qf4 49. Rg1+ Ng4+ 50. Ke1 Rxb5 51. Bc1 Nde5 52. Kd1 Nxf3 53. Nxf3 Qd6 54. Qd2 Kf7 55. Qc2 Qb4 56. Qc4+ Qxc4 57. dxc4 Rc5 58. Bg5 Rxc4 59. Kd2 Ra4 60. Ra1 e5 61. a3 e4 62. Bxf6 Kxf6 63. Ne1 Ne3 0-1

[Event "AUT-chT 0304"]
[Site "Austria"]
[Date "2004.01.24"]
[Round "6"]
[White "Bokros, Albert"]
[Black "Ellers, Holger"]
[Result "1/2-1/2"]
[WhiteElo "2484"]
[BlackElo "2402"]
[PlyCount "91"]
[EventDate "2003.11.28"]
[EventType "team-tourn"]
[EventRounds "11"]
[EventCountry "AUT"]
[SourceTitle "CBM 097 Extra"]
[Source "ChessBase"]
[SourceDate "2004.01.13"]
[SourceVersion "1"]
[SourceVersionDate "2004.01.13"]
[SourceQuality "1"]
[WhiteTeam "Melk-Wachau SK NOE"]
[BlackTeam "Jenbach SK Sparkasse"]
[WhiteTeamCountry "AUT"]
[BlackTeamCountry "AUT"]

1. e4 c5 2. Nf3 Nc6 3. d4 cxd4 4. Nxd4 g6 5. c4 Bg7 6. Be3 Nf6 7. Nc3 0-0 8. Be2 d6 9. 0-0 Bd7 10. Qd2 Nxd4 11. Bxd4 Bc6 12. f3 a5 13. b3 Nd7 14. Be3 Nc5 15. Rab1 Qb6 16. Rfc1 Rfc8 17. Rc2 Qd8 18. a3 Be5 19. Nd1 Ne6 20. Nf2 Bg7 21. f4 Nc5 22. Bf3 e5 23. fxe5 Bxe5 24. b4 axb4 25. axb4 Ne6 26. Ng4 Ra3 27. b5 Be8 28. Rd1 Qa5 29. Qf2 Ra1 30. Rxa1 Qxa1+ 31. Rc1 Qb2 32. Nxe5 Qxe5 33. Qd2 Ra8 34. Qd5 Ra3 35. Qxe5 dxe5 36. Kf2 Kf8 37. Be2 Ra2 38. Kf1 Ke7 39. c5 Rxe2 40. Kxe2 Bxb5+ 41. Kd2 Bc6 42. Rc4 h5 43. g3 Nc7 44. Bf2 Ke6 45. Ke3 Ne8 46. Be1 1/2-1/2

[Event "AUT-chT 0304"]
[Site "Austria"]
[Date "2004.01.22"]
[Round "4"]
[White "Novkovic, Milan"]
[Black "Ellers, Holger"]
[Result "1/2-1/2"]
[WhiteElo "2371"]
[BlackElo "2402"]
[PlyCount "63"]
[EventDate "2003.11.28"]
[EventType "team-tourn"]
[EventRounds "11"]
[EventCountry "AUT"]
[SourceTitle "CBM 097 Extra"]
[Source "ChessBase"]
[SourceDate "2004.01.13"]
[SourceVersion "1"]
[SourceVersionDate "2004.01.13"]
[SourceQuality "1"]
[WhiteTeam "Hohenems"]
[BlackTeam "Jenbach SK Sparkasse"]
[WhiteTeamCountry "AUT"]
[BlackTeamCountry "AUT"]

1. d4 Nf6 2. Nf3 g6 3. c4 Bg7 4. Nc3 d5 5. cxd5 Nxd5 6. Bg5 Nxc3 7. bxc3 c5 8. e3 Qa5 9. Qd2 Nc6 10. Rb1 a6 11. Bd3 0-0 12. Be4 Re8 13. 0-0 h6 14. Bf4 Ra7 15. Qc2 cxd4 16. cxd4 Be6 17. Bxc6 bxc6 18. Qxc6 Raa8 19. Ra1 Rac8 20. Qb7 Bd5 21. Qb2 Bxf3 22. gxf3 Qf5 23. Qb7 Bxd4 24. Rac1 Bg7 25. Qxa6 e5 26. Rxc8 Qxc8 27. Qxc8 Rxc8 28. Bg3 Ra8 29. Ra1 f5 30. Rd1 Ra4 31. f4 exf4 32. Bxf4 1/2-1/2

[Event "Berlin Kreuzberg op 4th"]
[Site "Berlin"]
[Date "2003.07.08"]
[Round "4"]
[White "Jenull, Marco S"]
[Black "Ellers, Holger"]
[Result "0-1"]
[WhiteElo "2120"]
[BlackElo "2421"]
[PlyCount "58"]
[EventDate "2003.07.05"]
[EventType "swiss"]
[EventRounds "9"]
[EventCountry "GER"]
[SourceTitle "EXT 2022"]
[Source "ChessBase"]
[SourceDate "2021.10.06"]
[SourceVersion "1"]
[SourceVersionDate "2021.10.06"]
[SourceQuality "1"]

1. e4 c5 2. Nf3 Nc6 3. d4 cxd4 4. Nxd4 g6 5. Nc3 Bg7 6. Be3 Nf6 7. Nb3 0-0 8. Be2 d6 9. f4 b6 10. g4 Bb7 11. g5 Nd7 12. Qd2 a5 13. 0-0-0 a4 14. Nd4 a3 15. b3 Nc5 16. Bc4 Nb4 17. Kb1 d5 18. exd5 Nxd5 19. Bxd5 Bxd5 20. Nxd5 Qxd5 21. Nb5 Qc6 22. Qb4 Ne4 23. c4 Nf2 24. Nc3 Bxc3 25. Qxc3 Qe4+ 26. Qc2 Qxe3 27. Rhe1 Nxd1 28. Rxe3 Nxe3 29. Qf2 Nd1 0-1

[Event "Berlin Kreuzberg op 4th"]
[Site "Berlin"]
[Date "2003.07.07"]
[Round "3"]
[White "Ellers, Holger"]
[Black "Hahlbohm, Matthias"]
[Result "1-0"]
[WhiteElo "2421"]
[BlackElo "2022"]
[PlyCount "61"]
[EventDate "2003.07.05"]
[EventType "swiss"]
[EventRounds "9"]
[EventCountry "GER"]
[SourceTitle "EXT 2022"]
[Source "ChessBase"]
[SourceDate "2021.10.06"]
[SourceVersion "1"]
[SourceVersionDate "2021.10.06"]
[SourceQuality "1"]

1. d4 c5 2. d5 e5 3. e4 d6 4. Be3 a6 5. c4 f5 6. exf5 Bxf5 7. Nc3 Nf6 8. f3 Be7 9. Nge2 0-0 10. Qd2 Bg6 11. Ng3 Nbd7 12. Bd3 Bxd3 13. Qxd3 Rf7 14. 0-0 g6 15. a3 Bf8 16. Rab1 Rb8 17. Rfd1 Bg7 18. Nge4 Nxe4 19. Nxe4 Nf6 20. Bg5 Qc7 21. Bxf6 Bxf6 22. b4 b6 23. bxc5 bxc5 24. Rxb8+ Qxb8 25. Rb1 Qc7 26. Qb3 Bd8 27. Qa4 a5 28. Qc6 Qxc6 29. dxc6 Bc7 30. Rb7 Kf8 31. Ng5 1-0

[Event "Berlin Kreuzberg op 4th"]
[Site "Berlin"]
[Date "2003.07.05"]
[Round "1"]
[White "Ellers, Holger"]
[Black "Jaeschke, Jens Uwe"]
[Result "1-0"]
[WhiteElo "2421"]
[BlackElo "2073"]
[PlyCount "95"]
[EventDate "2003.07.05"]
[EventType "swiss"]
[EventRounds "9"]
[EventCountry "GER"]
[SourceTitle "EXT 2022"]
[Source "ChessBase"]
[SourceDate "2021.10.06"]
[SourceVersion "1"]
[SourceVersionDate "2021.10.06"]
[SourceQuality "1"]

1. d4 Nf6 2. c4 e6 3. g3 Bb4+ 4. Bd2 Qe7 5. Bg2 Nc6 6. e3 0-0 7. Ne2 Bxd2+ 8. Qxd2 d6 9. Nbc3 e5 10. 0-0 Bf5 11. d5 Nb8 12. e4 Bd7 13. Nc1 Na6 14. Nd3 c6 15. dxc6 bxc6 16. f4 Be6 17. b3 Rad8 18. Qf2 Bc8 19. h3 Nc5 20. fxe5 Nxd3 21. exf6 gxf6 22. Qxf6 Qe5 23. Rad1 Nc5 24. Rf4 Be6 25. Rf3 Qxf6 26. Rxf6 Rfe8 27. Rf2 Kf8 28. Rdd2 Ke7 29. Ne2 Rg8 30. Kh2 Rg5 31. Nd4 Bd7 32. b4 Nb7 33. e5 dxe5 34. Nxc6+ Bxc6 35. Bxc6 Rxd2 36. Rxd2 Nd6 37. c5 Nf5 38. Rd7+ Ke6 39. Rxa7 Nxg3 40. Bb5 f5 41. Bc4+ Kf6 42. c6 Ne4 43. c7 Nd2 44. Be2 Rg8 45. Ra6+ Ke7 46. Rc6 Kd7 47. Rc2 Ne4 48. Bb5+ 1-0

[Event "Berlin Unicorn op"]
[Site "Berlin"]
[Date "2003.05.31"]
[Round "6"]
[White "De Wiljes, Jan Hendrik"]
[Black "Ellers, Holger"]
[Result "0-1"]
[WhiteElo "2236"]
[BlackElo "2425"]
[PlyCount "48"]
[EventDate "2003.05.28"]
[EventType "swiss"]
[EventRounds "7"]
[EventCountry "GER"]
[SourceTitle "CBM 094 Extra"]
[Source "ChessBase"]
[SourceDate "2003.07.09"]
[SourceVersion "2"]
[SourceVersionDate "2003.07.09"]
[SourceQuality "1"]

1. e4 c5 2. Nf3 Nc6 3. Bb5 g6 4. Bxc6 dxc6 5. d3 Bg7 6. h3 Nf6 7. Be3 Nxe4 8. dxe4 Qxd1+ 9. Kxd1 Bxb2 10. c3 b6 11. Kc2 Bxa1 12. Nbd2 Bxc3 13. Kxc3 f6 14. e5 Be6 15. a4 Kf7 16. exf6 exf6 17. Ne4 Bd5 18. Nfd2 Kg7 19. g4 Rae8 20. f3 h5 21. Re1 hxg4 22. hxg4 Rh3 23. Nf2 Rh2 24. Nd3 g5 0-1

[Event "Berlin Unicorn op"]
[Site "Berlin"]
[Date "2003.05.31"]
[Round "5"]
[White "Ellers, Holger"]
[Black "Ahlberg, Mario"]
[Result "1-0"]
[WhiteElo "2425"]
[BlackElo "2057"]
[PlyCount "73"]
[EventDate "2003.05.28"]
[EventType "swiss"]
[EventRounds "7"]
[EventCountry "GER"]
[SourceTitle "CBM 094 Extra"]
[Source "ChessBase"]
[SourceDate "2003.07.09"]
[SourceVersion "2"]
[SourceVersionDate "2003.07.09"]
[SourceQuality "1"]

1. d4 Nf6 2. Nf3 d5 3. c4 c6 4. Nc3 dxc4 5. a4 Bg4 6. Ne5 Bh5 7. g3 e6 8. Bg2 a5 9. Nxc4 Be7 10. Qb3 Ra7 11. 0-0 0-0 12. e4 Na6 13. h3 Nb4 14. Be3 Ra6 15. Ne5 c5 16. dxc5 Qc7 17. Nc4 Bxc5 18. Nb5 Qe7 19. Bxc5 Qxc5 20. Rac1 Qe7 21. Qe3 Rd8 22. g4 Bg6 23. f4 Rd3 24. Qe2 h6 25. Ne5 Rb3 26. Rc8+ Kh7 27. f5 exf5 28. exf5 Bxf5 29. gxf5 Nc6 30. Qc2 Rg3 31. Ng4 Nb4 32. Qf2 Ne4 33. f6 Rxf6 34. Nxf6+ gxf6 35. Qf5+ Rg6 36. Re1 Ng3 37. Rxe7 1-0

[Event "Berlin Unicorn op"]
[Site "Berlin"]
[Date "2003.05.29"]
[Round "2"]
[White "Wuensche, Peter"]
[Black "Ellers, Holger"]
[Result "0-1"]
[WhiteElo "2135"]
[BlackElo "2444"]
[PlyCount "80"]
[EventDate "2003.05.28"]
[EventType "swiss"]
[EventRounds "7"]
[EventCountry "GER"]
[SourceTitle "CBM 094 Extra"]
[Source "ChessBase"]
[SourceDate "2003.07.09"]
[SourceVersion "2"]
[SourceVersionDate "2003.07.09"]
[SourceQuality "1"]

1. g3 c5 2. Bg2 g6 3. d3 Bg7 4. e4 Nc6 5. c3 e5 6. Ne2 Nge7 7. 0-0 0-0 8. Qb3 d6 9. Bg5 Qc7 10. Bxe7 Nxe7 11. a4 Be6 12. c4 f5 13. f4 fxe4 14. dxe4 Nc6 15. Nd2 Rae8 16. Rac1 Kh8 17. Qc2 Bg4 18. Bf3 Qd7 19. b3 exf4 20. Nxf4 Be6 21. Bg2 Nd4 22. Qd3 Bg4 23. Rce1 Be5 24. Kh1 Qg7 25. h3 Qh6 26. Kh2 Rxf4 27. gxf4 Bxf4+ 28. Kg1 Bxd2 29. hxg4 Bxe1 30. Rxe1 Rf8 31. Qg3 Qd2 32. Kh1 Rf2 33. Rf1 Qh6+ 34. Kg1 Ne2+ 35. Kxf2 Nxg3 36. Kxg3 Qe3+ 37. Rf3 Qe1+ 38. Kh2 Qh4+ 39. Bh3 Kg7 40. Kg2 Qe1 0-1

[Event "AUT-chT 0203"]
[Site "Austria"]
[Date "2003.01.25"]
[Round "7"]
[White "Ellers, Holger"]
[Black "Ganaus, Hannes"]
[Result "1-0"]
[WhiteElo "2425"]
[BlackElo "2360"]
[PlyCount "41"]
[EventDate "2002.12.05"]
[EventType "team-tourn"]
[EventRounds "11"]
[EventCountry "AUT"]
[SourceTitle "EXT 2004"]
[Source "ChessBase"]
[SourceDate "2003.11.25"]
[SourceVersion "1"]
[SourceVersionDate "2003.11.25"]
[SourceQuality "1"]
[WhiteTeam "Jenbach SK Sparkasse"]
[BlackTeam "Melk-Wachau SK NOE"]
[WhiteTeamCountry "AUT"]
[BlackTeamCountry "AUT"]

1. d4 d5 2. Nf3 Nf6 3. c4 c6 4. Nc3 a6 5. c5 g6 6. Bf4 Nh5 7. Be5 f6 8. Bg3 Nxg3 9. hxg3 Bg7 10. Qb3 e6 11. e4 Nd7 12. Bd3 f5 13. exf5 exf5 14. 0-0-0 b6 15. Nxd5 cxd5 16. Rde1+ Kf8 17. Qxd5 Qc7 18. Qxa8 bxc5 19. Ng5 cxd4+ 20. Kb1 Nc5 21. Rc1 1-0

[Event "AUT-chT 0102"]
[Site "Austria"]
[Date "2002.03.08"]
[Round "9.4"]
[White "Roth, Peter"]
[Black "Ellers, Holger"]
[Result "0-1"]
[WhiteElo "2327"]
[BlackElo "2444"]
[PlyCount "126"]
[EventDate "2001.10.31"]
[EventType "team-tourn"]
[EventRounds "11"]
[EventCountry "AUT"]
[SourceTitle "EXT 2002"]
[Source "ChessBase"]
[SourceDate "2001.11.25"]
[SourceVersion "1"]
[SourceVersionDate "2001.11.25"]
[SourceQuality "1"]
[WhiteTeam "Hietzing/Fischer SK"]
[BlackTeam "Jenbach SK Sparkasse"]
[WhiteTeamCountry "AUT"]
[BlackTeamCountry "AUT"]

1. e4 e6 2. d4 d5 3. Nc3 Nc6 4. Be3 Bb4 5. Nge2 dxe4 6. a3 Be7 7. Nxe4 Nf6 8. Nxf6+ Bxf6 9. g3 Qd5 10. Rg1 0-0 11. Qd2 Rd8 12. Bg2 Qc4 13. b3 Qa6 14. Be4 Nxd4 15. Nxd4 c5 16. Bd3 Qb6 17. Bg5 Bxg5 18. Qxg5 Rxd4 19. 0-0-0 Bd7 20. Rge1 Bc6 21. Qh5 h6 22. Re5 Rad8 23. Rde1 Bd5 24. R1e3 c4 25. bxc4 Bxc4 26. Bxc4 Rxc4 27. Qf3 Qd4 28. Kb1 Rc6 29. Rb5 Qd1+ 30. Qxd1 Rxd1+ 31. Kb2 b6 32. Re2 Rd4 33. Kb3 Rdc4 34. Kb2 g5 35. Rb4 Kg7 36. Rd2 R4c5 37. Rbd4 Kf6 38. h4 Rc4 39. hxg5+ hxg5 40. Rd7 Rc7 41. R7d3 Ke5 42. f3 Kf5 43. Rh2 f6 44. c3 Kg6 45. Rh8 e5 46. Rf8 Kg7 47. Re8 Kf7 48. Rh8 Ke6 49. Kb3 Rc8 50. Rh7 R4c7 51. Rh6 b5 52. Rh1 Rc4 53. Rh7 R4c7 54. Rh1 a6 55. Rhd1 Kf5 56. Kb2 Rc6 57. Rh1 Kg6 58. Rhd1 Rc4 59. Rf1 Rh8 60. Rf2 Rh3 61. Rd6 Rxg3 62. Rxa6 Rf4 63. Rb6 g4 0-1

[Event "Bundesliga 0102"]
[Site "Germany"]
[Date "2002.02.23"]
[Round "8.6"]
[White "Ellers, Holger"]
[Black "Von Buelow, Georg"]
[Result "0-1"]
[WhiteElo "2444"]
[BlackElo "2298"]
[PlyCount "104"]
[EventDate "2001.10.06"]
[EventType "team-tourn"]
[EventRounds "15"]
[EventCountry "GER"]
[SourceTitle "EXT 2003"]
[Source "ChessBase"]
[SourceDate "2002.11.25"]
[SourceVersion "1"]
[SourceVersionDate "2002.11.25"]
[SourceQuality "1"]
[WhiteTeam "Wattenscheid"]
[BlackTeam "Hamburg Koenigsspringer"]
[WhiteTeamCountry "GER"]
[BlackTeamCountry "GER"]

1. d4 Nf6 2. c4 g6 3. g3 Bg7 4. Bg2 d5 5. Nf3 dxc4 6. Na3 Nc6 7. Nxc4 Be6 8. b3 Bd5 9. Bb2 0-0 10. 0-0 a5 11. a4 Qc8 12. Rc1 Rd8 13. e3 h6 14. Qe2 Qe6 15. Rfd1 g5 16. h3 Nh7 17. Re1 f5 18. Nfe5 Bxg2 19. Kxg2 Nxe5 20. Nxe5 Bxe5 21. dxe5 c6 22. Rc4 Rd7 23. Bd4 Nf8 24. Qh5 Kh7 25. h4 g4 26. e4 b5 27. Rc5 Rxd4 28. exf5 Qxb3 29. Kg1 Qb4 30. Rec1 Rad8 31. Rxc6 Rd1+ 32. Kh2 Qd2 33. Qf7+ Kh8 34. R6c2 Qd5 35. Rxd1 Qxf7 36. Rxd8 Qxf5 37. Rcc8 Qxf2+ 38. Kh1 Qf1+ 39. Kh2 Qf2+ 40. Kh1 Qe1+ 41. Kg2 Qe2+ 42. Kg1 Qe3+ 43. Kh2 Qe2+ 44. Kg1 Kg7 45. Rxf8 Qd1+ 46. Rf1 Qxa4 47. e6 Qd4+ 48. Rf2 Qe3 49. Kg2 Qxe6 50. Rcf8 a4 51. R8f5 a3 52. R2f4 a2 0-1